Statistics for africa, population from most to least

Click here to take the quiz!

General Stats

  • This quiz has been taken 7 times
  • The average score is 9 of 55

Answer Stats

HintAnswer% Correct
102,334,404egypt
100%
206,139,589nigeria
100%
97,545,027DR congo
86%
114,963,588ethiopia
86%
59,308,690south africa
71%
53,771,296kenya
43%
59,734,218tanzania
43%
35,869,925angola
29%
2,351,627botswana
29%
869,601comoros
29%
988,000djibouti
29%
43,849,260sudan
29%
45,741,007uganda
29%
43,851,044algeria
14%
12,123,200benin
14%
26,545,863cameroon
14%
4,829,767central african republic
14%
1,402,985equatorial guinea
14%
2,416,668gambia
14%
5,057,681liberia
14%
19,129,952malawi
14%
4,649,658mauritania
14%
36,910,560morocco
14%
33,805,811mozambique
14%
98,347seychelles
14%
14,862,924zimbabwe
14%
20,903,273burkina faso
0%
11,890,784burundi
0%
555,987cape verde
0%
16,425,864chad
0%
3,546,421eritrea
0%
1,160,164eswatini
0%
2,225,734gabon
0%
32,925,013ghana
0%
13,132,795guinea
0%
1,968,001guinea bissau
0%
26,378,274ivory coast
0%
2,142,249lesotho
0%
6,871,292libya
0%
27,691,018madagascar
0%
20,250,833mali
0%
1,271,768mauritius
0%
2,540,905namibia
0%
24,206,644niger
0%
5,518,087republic of the congo
0%
12,952,218rwanda
0%
219,159sao tomé and principe
0%
16,743,927senegal
0%
7,976,983sierra leone
0%
15,893,222somalia
0%
11,193,725south sudan
0%
8,278,724togo
0%
11,818,619tunisia
0%
597,339western sahara
0%
18,383,955zambia
0%

Score Distribution

Percentile by Number Answered

Percent of People with Each Score

Your Score History

You have not taken this quiz